000 00831cam a22002534a 4500
001 2852
005 20240117150851.0
020 _a9780545230735
040 _aDLC
_cDLC
_dDLC
_beng
050 0 0 _aQL696.S473
_b 2007
082 0 0 _a598.47
100 1 _aSimon, Seymour
245 1 0 _aPenguins /
_cSeymour Simon.
250 _aFirst Scholastic printing , November 2009
260 _aWashington, D.C.
_bSmithsonian ;
_aNew York :
_bCollins,
_c2007
300 _a31 pages :
_bcolor illustrations ;
_c24 cm.
505 _aZ
520 _aText and photographs explore the differences and similarities of different species of Antarctic penguins.
521 _a1030
_bLexile
521 _aZ
_bRaz-Plus
650 0 _aPenguins
_vJuvenile literature.
906 _a7
_bcbc
_corignew
_d1
_eecip
_f20
_gy-gencatlg
942 _2ddc
_cBK
_n0
999 _c2852
_d2852